000 00731nam a2200229Ii 4500
003 JO-AjNU
008 230605s9999||||xx |||||||||||||| ||und||
017 _a2007/16220
020 _a977-379-011-9
040 _aJO-AjNU
_bara
_erda
_cJO-AjNU
041 _aara
050 1 4 _aG155.T8.A2898 2007
100 3 _aأبوزيد، محمد أحمد,
_eauthor
_951101
245 0 0 _aالإحصاء السياحي والفندقي
250 _aط1
264 3 1 _aالاسكندرية: دار الفكر الجامعي، 2007
300 _a171ص
336 _atext
_btxt
_2rdacontent
337 _aunmediated
_bn
_2rdamedia
338 _avolume
_bnc
_2rdacarrier
650 4 _aالسياحة-احصاء-الفندقة-احصاء
_951102
999 _aA22551
_c26119
_d26119